000 00244nam a2200097Ia 4500
001 660752
005 20250826160120.0
008 250824s9999 xx 000 0 und d
245 0 _aAlbert Einstein Kimdi?
_cJess Brallier
260 _bBEYAZ BALİNA
999 _c660752
_d660752